00297nam a2200097Ia 4500008004100000020001500041100002100056245005800077260004700135300001700182180205s9999 xx 000 0 und d a9710868918 aNolledo, Jose N. 4aThe constitution of the republic of the Philippines / aMandaluyong CitybNational bookstorec2008 av, 244 pages